[Event "arco2023"]
[Site "?"]
[Date "2023.10.08"]
[Round "2.29"]
[White "KAINZ, Josef"]
[Black "SCHELLENBERG, Simon"]
[Result "0-1"]
[BlackElo "2044"]
[WhiteElo "1894"]
[LiveChessVersion "1.4.8"]

1. Nf3 {[%clk 1:30:55]} Nf6 {[%clk 1:30:48]} 2. c4 {[%clk 1:31:21]} e6
{[%clk 1:30:58]} 3. g3 {[%clk 1:31:22]} d5 {[%clk 1:31:14]} 4. d4
{[%clk 1:31:27]} dxc4 {[%clk 1:31:35]} 5. Bg2 {[%clk 1:31:10]} Nc6
{[%clk 1:31:57]} 6. Qa4 {[%clk 1:30:45]} Bb4+ {[%clk 1:32:19]} 7. Bd2
{[%clk 1:30:45]} Nd5 {[%clk 1:32:15]} 8. Bxb4 {[%clk 1:26:19]} Ndxb4
{[%clk 1:32:30]} 9. a3 {[%clk 1:25:38]} b5 {[%clk 1:30:57]} 10. Qd1
{[%clk 1:23:38]} Nd5 {[%clk 1:30:41]} 11. e4 {[%clk 1:20:41]} Nf6
{[%clk 1:30:46]} 12. Nc3 {[%clk 1:19:39]} Rb8 {[%clk 1:30:53]} 13. O-O
{[%clk 1:00:24]} O-O {[%clk 1:31:08]} 14. e5 {[%clk 0:59:47]} Nd5
{[%clk 1:31:08]} 15. Ne4 {[%clk 1:00:07]} Na5 {[%clk 1:29:20]} 16. Nfg5
{[%clk 0:54:50]} h6 {[%clk 1:22:40]} 17. Qh5 {[%clk 0:53:49]} f6 {[%clk 1:23:01]}
18. f4 {[%clk 0:43:07]} Qe8 {[%clk 1:19:26]} 19. Qxe8 {[%clk 0:41:57]} Rxe8
{[%clk 1:19:46]} 20. Nf3 {[%clk 0:40:22]} f5 {[%clk 1:20:04]} 21. Nc5
{[%clk 0:36:04]} Ne3 {[%clk 1:18:16]} 22. Rf2 {[%clk 0:36:16]} Nxg2
{[%clk 1:18:36]} 23. Kxg2 {[%clk 0:35:14]} Bb7 {[%clk 1:18:25]} 24. Nxb7
{[%clk 0:34:19]} Nxb7 {[%clk 1:18:37]} 25. Rc2 {[%clk 0:29:46]} Na5
{[%clk 1:18:40]} 26. d5 {[%clk 0:23:57]} Nb3 {[%clk 1:12:22]} 27. Rd1
{[%clk 0:24:14]} Red8 {[%clk 1:12:36]} 28. d6 {[%clk 0:15:09]} Rbc8
{[%clk 1:08:00]} 29. Nd4 {[%clk 0:15:07]} Nxd4 {[%clk 1:08:18]} 30. Rxd4
{[%clk 0:15:36]} cxd6 {[%clk 1:07:42]} 31. exd6 {[%clk 0:14:36]} Kf7
{[%clk 1:07:13]} 32. h4 {[%clk 0:08:20]} Rc5 {[%clk 1:07:04]} 33. Re2
{[%clk 0:07:46]} a6 {[%clk 1:06:04]} 34. Kf3 {[%clk 0:06:42]} Kf6
{[%clk 1:05:03]} 35. d7 {[%clk 0:04:45]} Ke7 {[%clk 1:05:19]} 36. a4
{[%clk 0:01:41]} Rxd7 {[%clk 1:05:35]} 37. Rxd7+ {[%clk 0:01:38]} Kxd7
{[%clk 1:05:55]} 38. axb5 {[%clk 0:01:47]} axb5 {[%clk 1:06:18]} 39. g4
{[%clk 0:01:17]} fxg4+ {[%clk 1:06:27]} 40. Kxg4 {[%clk 0:01:46]} b4
{[%clk 1:06:37]} 41. Kf3 {[%clk 0:00:42]} c3 {[%clk 1:06:40]} 42. bxc3
{[%clk 0:29:54]} Rxc3+ {[%clk 1:37:00]} 43. Ke4 {[%clk 0:30:11]} b3
{[%clk 1:37:03]} 44. Rb2 {[%clk 0:29:57]} Rh3 {[%clk 1:37:18]} 45. Ke5
{[%clk 0:29:03]} h5 {[%clk 1:36:41]} 46. Rg2 {[%clk 0:28:28]} Kc6
{[%clk 1:33:52]} 47. Kxe6 {[%clk 0:25:51]} Rxh4 {[%clk 1:34:05]} 48. Ke5
{[%clk 0:20:39]} Rg4 {[%clk 1:34:07]} 49. Rh2 {[%clk 0:19:55]} g6
{[%clk 1:34:15]} 50. Rh3 {[%clk 0:20:02]} b2 {[%clk 1:34:22]} 51. Rb3
{[%clk 0:20:28]} Rg2 {[%clk 1:34:33]} 52. f5 {[%clk 0:15:29]} gxf5
{[%clk 1:34:42]} 53. Kxf5 {[%clk 0:15:57]} h4 {[%clk 1:35:05]} 54. Kf4
{[%clk 0:16:21]} h3 {[%clk 1:34:23]} 55. Kf3 {[%clk 0:16:03]} Rc2
{[%clk 1:34:41]} 56. Rb8 {[%clk 0:14:34]} h2 {[%clk 1:34:50]} 0-1

[Event "arco2023"]
[Site "?"]
[Date "2023.10.08"]
[Round "2.30"]
[White "REMPE, Jonas"]
[Black "OCHEDZAN, Filip"]
[Result "0-1"]
[BlackElo "1738"]
[WhiteElo "2040"]
[LiveChessVersion "1.4.8"]

1. e4 {[%clk 1:30:37]} c5 {[%clk 1:30:52]} 2. Nf3 {[%clk 1:31:02]} d6
{[%clk 1:31:16]} 3. d4 {[%clk 1:31:28]} cxd4 {[%clk 1:31:41]} 4. Nxd4
{[%clk 1:31:53]} Nf6 {[%clk 1:32:06]} 5. Nc3 {[%clk 1:32:16]} a6 {[%clk 1:32:31]}
6. Bc4 {[%clk 1:32:40]} e6 {[%clk 1:32:44]} 7. Be3 {[%clk 1:33:07]} Be7
{[%clk 1:32:11]} 8. f3 {[%clk 1:31:59]} b5 {[%clk 1:29:16]} 9. Bb3
{[%clk 1:31:48]} O-O {[%clk 1:29:21]} 10. Qd2 {[%clk 1:31:24]} Qc7
{[%clk 1:26:03]} 11. g4 {[%clk 1:29:45]} Nbd7 {[%clk 1:19:14]} 12. g5
{[%clk 1:23:58]} Ne8 {[%clk 1:12:30]} 13. Bxe6 {[%clk 1:07:39]} fxe6
{[%clk 1:12:03]} 14. Nxe6 {[%clk 1:07:32]} Qb7 {[%clk 0:59:20]} 15. Nxf8
{[%clk 1:06:17]} Ne5 {[%clk 0:56:36]} 16. O-O-O {[%clk 1:04:24]} Nc4
{[%clk 0:53:30]} 17. Qe2 {[%clk 1:03:49]} Nxe3 {[%clk 0:52:05]} 18. Qxe3
{[%clk 1:04:00]} Bxf8 {[%clk 0:52:18]} 19. f4 {[%clk 1:02:51]} Nc7
{[%clk 0:46:28]} 20. f5 {[%clk 1:00:46]} b4 {[%clk 0:45:04]} 21. Ne2
{[%clk 1:00:23]} d5 {[%clk 0:40:20]} 22. Nf4 {[%clk 0:55:29]} dxe4
{[%clk 0:38:53]} 23. f6 {[%clk 0:55:51]} Bg4 {[%clk 0:33:49]} 24. Rdg1
{[%clk 0:28:06]} Bf3 {[%clk 0:33:16]} 25. Qb3+ {[%clk 0:27:08]} Kh8
{[%clk 0:33:25]} 26. Rg3 {[%clk 0:26:39]} e3 {[%clk 0:19:32]} 27. Qf7
{[%clk 0:23:22]} Bh5 {[%clk 0:13:52]} 28. Qxh5 {[%clk 0:13:34]} Qxh1+
{[%clk 0:14:13]} 29. Qd1 {[%clk 0:13:12]} Qxd1+ {[%clk 0:13:18]} 30. Kxd1
{[%clk 0:13:40]} Bd6 {[%clk 0:12:03]} 0-1

[Event "arco2023"]
[Site "?"]
[Date "2023.10.08"]
[Round "2.31"]
[White "QUABACH, Juergen"]
[Black "VALKOVA, Angelika"]
[Result "0-1"]
[BlackElo "2038"]
[WhiteElo "1890"]
[LiveChessVersion "1.4.8"]

1. Nf3 {[%clk 1:30:30]} d5 {[%clk 1:30:39]} 2. g3 {[%clk 1:30:19]} Nd7
{[%clk 1:30:49]} 3. d4 {[%clk 1:28:48]} Nb6 {[%clk 1:30:12]} 4. Bg2
{[%clk 1:28:50]} Bf5 {[%clk 1:28:26]} 5. b3 {[%clk 1:26:32]} c6 {[%clk 1:25:36]}
6. Ba3 {[%clk 1:25:17]} Nf6 {[%clk 1:23:57]} 7. Nh4 {[%clk 1:24:15]} Be4
{[%clk 1:12:01]} 8. Bxe4 {[%clk 1:16:57]} Nxe4 {[%clk 1:10:40]} 9. f3
{[%clk 1:16:21]} Nd6 {[%clk 1:03:57]} 10. Qd2 {[%clk 1:08:43]} e6
{[%clk 1:01:43]} 11. Bb2 {[%clk 1:09:05]} g5 {[%clk 0:54:28]} 12. Ng2
{[%clk 1:09:10]} h5 {[%clk 0:54:27]} 13. h4 {[%clk 1:03:47]} Bh6 {[%clk 0:49:21]}
14. hxg5 {[%clk 1:01:07]} Bxg5 {[%clk 0:49:44]} 15. f4 {[%clk 1:01:27]} Bf6
{[%clk 0:48:35]} 16. c3 {[%clk 0:54:56]} Kd7 {[%clk 0:31:16]} 17. Qd3
{[%clk 0:53:03]} h4 {[%clk 0:26:31]} 18. g4 {[%clk 0:50:51]} Qg8 {[%clk 0:23:00]}
19. Qf3 {[%clk 0:50:15]} Qg6 {[%clk 0:21:19]} 20. Ne3 {[%clk 0:47:58]} Be7
{[%clk 0:09:56]} 21. Nd2 {[%clk 0:47:11]} Rh7 {[%clk 0:08:53]} 22. c4
{[%clk 0:45:30]} dxc4 {[%clk 0:07:21]} 23. Ndxc4 {[%clk 0:41:59]} Ndxc4
{[%clk 0:07:13]} 24. Nxc4 {[%clk 0:42:14]} Nxc4 {[%clk 0:06:56]} 25. bxc4
{[%clk 0:42:28]} Bb4+ {[%clk 0:04:06]} 26. Kf2 {[%clk 0:42:08]} Rd8
{[%clk 0:02:46]} 27. f5 {[%clk 0:40:04]} exf5 {[%clk 0:01:49]} 28. gxf5
{[%clk 0:39:42]} Qf6 {[%clk 0:01:19]} 29. e4 {[%clk 0:39:03]} Kc8
{[%clk 0:01:07]} 30. e5 {[%clk 0:37:03]} Qg5 {[%clk 0:01:24]} 31. Bc1
{[%clk 0:32:52]} Qg3+ {[%clk 0:00:57]} 32. Ke2 {[%clk 0:32:52]} Qxf3+
{[%clk 0:01:13]} 33. Kxf3 {[%clk 0:33:10]} Rxd4 {[%clk 0:01:33]} 34. Bg5
{[%clk 0:32:46]} Rh5 {[%clk 0:00:58]} 35. Rag1 {[%clk 0:30:46]} Bd2
{[%clk 0:00:57]} 36. Bxd2 {[%clk 0:28:26]} Rxd2 {[%clk 0:01:22]} 37. Kg4
{[%clk 0:27:34]} Rh8 {[%clk 0:01:45]} 38. Kg5 {[%clk 0:26:14]} Kd7
{[%clk 0:00:57]} 39. Rd1 {[%clk 0:23:47]} Rxd1 {[%clk 0:01:22]} 40. Rxd1+
{[%clk 0:24:06]} Ke7 {[%clk 0:00:48]} 41. Kf4 {[%clk 0:19:59]} h3
{[%clk 0:27:11]} 42. Rh1 {[%clk 0:49:23]} h2 {[%clk 0:22:52]} 43. c5
{[%clk 0:43:17]} b5 {[%clk 0:19:45]} 0-1

[Event "arco2023"]
[Site "?"]
[Date "2023.10.08"]
[Round "2.32"]
[White "HIGATSBERGER, Michael"]
[Black "ASHWATH, Kaushik"]
[Result "1/2-1/2"]
[BlackElo "1714"]
[WhiteElo "2034"]
[LiveChessVersion "1.4.8"]

1. e4 {[%clk 1:30:57]} c5 {[%clk 1:30:47]} 2. Nf3 {[%clk 1:31:18]} d6
{[%clk 1:30:58]} 3. d4 {[%clk 1:31:40]} cxd4 {[%clk 1:31:08]} 4. Nxd4
{[%clk 1:32:04]} Nf6 {[%clk 1:31:12]} 5. Nc3 {[%clk 1:32:29]} a6 {[%clk 1:31:27]}
6. g3 {[%clk 1:32:39]} e5 {[%clk 1:30:59]} 7. Nde2 {[%clk 1:32:53]} Be7
{[%clk 1:28:44]} 8. Bg2 {[%clk 1:33:11]} Nbd7 {[%clk 1:27:19]} 9. O-O
{[%clk 1:33:14]} b5 {[%clk 1:27:13]} 10. Nd5 {[%clk 1:32:01]} Nxd5
{[%clk 1:26:56]} 11. Qxd5 {[%clk 1:32:21]} Rb8 {[%clk 1:27:04]} 12. Be3
{[%clk 1:30:20]} h6 {[%clk 1:25:58]} 13. Qd2 {[%clk 1:28:16]} O-O
{[%clk 1:24:23]} 14. Nc3 {[%clk 1:24:18]} Nf6 {[%clk 1:20:14]} 15. a4
{[%clk 1:10:52]} b4 {[%clk 1:07:56]} 16. Nd5 {[%clk 1:10:59]} Nxd5
{[%clk 1:07:55]} 17. Qxd5 {[%clk 1:10:51]} Be6 {[%clk 1:06:23]} 18. Qd3
{[%clk 1:06:03]} Qc7 {[%clk 1:04:38]} 19. b3 {[%clk 1:05:49]} Rfc8
{[%clk 1:02:36]} 20. Rac1 {[%clk 1:00:11]} a5 {[%clk 0:58:05]} 21. f4
{[%clk 0:52:31]} exf4 {[%clk 0:50:07]} 22. gxf4 {[%clk 0:49:59]} Qc3
{[%clk 0:49:01]} 23. Qxc3 {[%clk 0:48:22]} Rxc3 {[%clk 0:49:15]} 24. Bd2
{[%clk 0:48:30]} Rc7 {[%clk 0:48:59]} 25. f5 {[%clk 0:48:39]} Bd7
{[%clk 0:49:16]} 26. Rf3 {[%clk 0:46:32]} Bf6 {[%clk 0:46:04]} 27. Bf4
{[%clk 0:45:39]} Be5 {[%clk 0:44:47]} 28. Bxe5 {[%clk 0:45:58]} dxe5
{[%clk 0:45:09]} 29. Rd3 {[%clk 0:45:21]} Rbc8 {[%clk 0:37:58]} 30. Rd5
{[%clk 0:44:05]} f6 {[%clk 0:37:34]} 31. Rxa5 {[%clk 0:41:51]} Rxc2
{[%clk 0:37:41]} 32. Rxc2 {[%clk 0:42:15]} Rxc2 {[%clk 0:38:06]} 33. Ra8+
{[%clk 0:40:06]} Rc8 {[%clk 0:36:55]} 34. Rxc8+ {[%clk 0:40:02]} Bxc8
{[%clk 0:37:19]} 35. Bf1 {[%clk 0:40:16]} Bb7 {[%clk 0:36:40]} 36. Bc4+
{[%clk 0:40:09]} Kf8 {[%clk 0:37:01]} 37. Bd5 {[%clk 0:40:25]} Ba6
{[%clk 0:37:12]} 38. Kf2 {[%clk 0:40:43]} Ke7 {[%clk 0:37:39]} 39. Ke3
{[%clk 0:40:41]} Kd6 {[%clk 0:37:51]} 40. Bf7 {[%clk 0:37:56]} Kc5
{[%clk 0:37:47]} 41. Bd5 {[%clk 0:38:11]} Kb6 {[%clk 0:29:16]} 42. Be6
{[%clk 0:36:39]} Kc5 {[%clk 0:29:37]} 43. Bd5 {[%clk 0:37:02]} Kb6
{[%clk 0:30:02]} 44. Be6 {[%clk 0:37:26]} Kc5 {[%clk 0:30:27]} 45. Bd5
{[%clk 0:37:50]} Kb6 {[%clk 0:30:36]} 46. Be6 {[%clk 0:38:15]} Kc5
{[%clk 0:30:59]} 1/2-1/2

[Event "arco2023"]
[Site "?"]
[Date "2023.10.08"]
[Round "2.33"]
[White "LANG, Alexander"]
[Black "DE SIMONE SORRENTINO, Fabio"]
[Result "1-0"]
[BlackElo "1534"]
[WhiteElo "2022"]
[LiveChessVersion "1.4.8"]

1. d4 {[%clk 1:30:57]} d5 {[%clk 1:30:53]} 2. c4 {[%clk 1:31:22]} e6
{[%clk 1:31:16]} 3. Nc3 {[%clk 1:31:46]} Nf6 {[%clk 1:31:38]} 4. cxd5
{[%clk 1:32:11]} exd5 {[%clk 1:31:39]} 5. Bg5 {[%clk 1:32:35]} c6
{[%clk 1:31:53]} 6. e3 {[%clk 1:33:00]} Be7 {[%clk 1:30:51]} 7. Bd3
{[%clk 1:33:23]} Nbd7 {[%clk 1:28:25]} 8. Nge2 {[%clk 1:33:37]} Nf8
{[%clk 1:28:43]} 9. Qc2 {[%clk 1:33:27]} Ng6 {[%clk 1:27:54]} 10. O-O
{[%clk 1:33:02]} Ng4 {[%clk 1:25:09]} 11. Bxe7 {[%clk 1:32:15]} Qxe7
{[%clk 1:25:37]} 12. h3 {[%clk 1:31:13]} Nf6 {[%clk 1:24:34]} 13. Ng3
{[%clk 1:30:53]} O-O {[%clk 1:23:44]} 14. Rae1 {[%clk 1:28:30]} Qb4
{[%clk 1:18:55]} 15. f3 {[%clk 1:27:42]} Be6 {[%clk 1:12:36]} 16. a3
{[%clk 1:26:21]} Qd6 {[%clk 1:08:44]} 17. Qf2 {[%clk 1:26:31]} Qd7
{[%clk 1:08:04]} 18. f4 {[%clk 1:25:46]} Ne7 {[%clk 1:06:36]} 19. f5 1-0

[Event "arco2023"]
[Site "?"]
[Date "2023.10.08"]
[Round "2.34"]
[White "MIRCOLI, Filippo"]
[Black "HOPFGARTNER, Heinz"]
[Result "1/2-1/2"]
[BlackElo "2010"]
[WhiteElo "1492"]
[LiveChessVersion "1.4.8"]

1. d4 {[%clk 1:30:58]} d5 {[%clk 1:30:45]} 2. Nf3 {[%clk 1:31:14]} Nf6
{[%clk 1:31:07]} 3. e3 {[%clk 1:31:38]} e6 {[%clk 1:31:12]} 4. Bd3
{[%clk 1:31:46]} c5 {[%clk 1:31:32]} 5. c3 {[%clk 1:32:09]} Be7 {[%clk 1:31:46]}
6. Nbd2 {[%clk 1:32:28]} O-O {[%clk 1:31:56]} 7. O-O {[%clk 1:32:52]} b6
{[%clk 1:32:17]} 8. Qe2 {[%clk 1:32:45]} a5 {[%clk 1:32:33]} 9. dxc5
{[%clk 1:32:17]} Bxc5 {[%clk 1:28:41]} 10. e4 {[%clk 1:32:32]} Nc6
{[%clk 1:27:05]} 11. e5 {[%clk 1:25:18]} Nd7 {[%clk 1:27:03]} 12. Nb3
{[%clk 1:25:32]} Be7 {[%clk 1:27:18]} 13. Nbd4 {[%clk 1:25:47]} Bb7
{[%clk 1:24:08]} 14. Nxc6 {[%clk 1:25:11]} Bxc6 {[%clk 1:24:29]} 15. Nd4
{[%clk 1:25:36]} Qc7 {[%clk 1:22:59]} 16. f4 {[%clk 1:25:50]} Rfe8
{[%clk 1:14:32]} 17. Qh5 {[%clk 1:17:30]} g6 {[%clk 1:02:12]} 18. Qe2
{[%clk 1:04:43]} Bf8 {[%clk 1:02:02]} 19. Rf3 {[%clk 1:04:50]} Bg7
{[%clk 0:57:46]} 20. h4 {[%clk 1:04:36]} Rab8 {[%clk 0:56:04]} 21. h5
{[%clk 1:04:55]} Re7 {[%clk 0:47:58]} 22. Rg3 {[%clk 1:03:28]} Nc5
{[%clk 0:44:56]} 23. hxg6 {[%clk 1:02:47]} fxg6 {[%clk 0:43:09]} 24. Bc2
{[%clk 0:57:56]} b5 {[%clk 0:42:14]} 25. Be3 {[%clk 0:53:44]} Nd7
{[%clk 0:40:52]} 26. Nf3 {[%clk 0:43:47]} b4 {[%clk 0:38:14]} 27. Ng5
{[%clk 0:39:13]} bxc3 {[%clk 0:27:27]} 28. b3 {[%clk 0:37:13]} Bb5
{[%clk 0:22:28]} 29. Qg4 {[%clk 0:36:57]} Nf8 30. Bd4 {[%clk 0:36:28]} Rc8
{[%clk 0:21:56]} 31. Rh3 {[%clk 0:33:52]} Qd7 {[%clk 0:20:38]} 32. Kf2
{[%clk 0:31:01]} Bh8 {[%clk 0:14:31]} 33. Rah1 {[%clk 0:27:15]} Rc7
{[%clk 0:13:46]} 34. Qg3 {[%clk 0:20:06]} a4 {[%clk 0:09:39]} 35. Rh6
{[%clk 0:19:15]} Rg7 {[%clk 0:09:22]} 36. Qh3 {[%clk 0:16:16]} axb3
{[%clk 0:09:21]} 37. axb3 {[%clk 0:16:44]} Qe7 {[%clk 0:08:10]} 38. Qe3 1/2-1/2

[Event "arco2023"]
[Site "?"]
[Date "2023.10.08"]
[Round "2.35"]
[White "BANGERTER, Daria"]
[Black "OCHEDZAN, Tymon"]
[Result "0-1"]
[BlackElo "2184"]
[WhiteElo "1829"]
[LiveChessVersion "1.4.8"]

1. e4 {[%clk 1:30:57]} e6 {[%clk 1:30:55]} 2. d4 {[%clk 1:31:22]} d5
{[%clk 1:31:21]} 3. Nd2 {[%clk 1:31:30]} h6 {[%clk 1:31:45]} 4. Ngf3
{[%clk 1:26:26]} Nf6 {[%clk 1:27:22]} 5. e5 {[%clk 1:25:50]} Nfd7
{[%clk 1:27:19]} 6. Bd3 {[%clk 1:22:04]} c5 {[%clk 1:26:55]} 7. c3
{[%clk 1:20:03]} Nc6 {[%clk 1:27:13]} 8. Bc2 {[%clk 1:05:04]} Qb6
{[%clk 1:22:59]} 9. Nb3 {[%clk 0:59:09]} cxd4 {[%clk 1:22:36]} 10. cxd4
{[%clk 0:58:14]} a5 {[%clk 1:19:01]} 11. Be3 {[%clk 0:51:01]} a4 {[%clk 1:16:16]}
12. Nbd2 {[%clk 0:47:05]} Qxb2 {[%clk 1:14:19]} 13. O-O {[%clk 0:42:40]} Qb4
{[%clk 1:12:18]} 14. Rb1 {[%clk 0:35:07]} Qa5 {[%clk 1:11:42]} 15. Nh4
{[%clk 0:29:24]} Be7 {[%clk 0:54:34]} 16. Qg4 {[%clk 0:24:51]} g5
{[%clk 0:52:01]} 17. Nhf3 {[%clk 0:22:12]} h5 {[%clk 0:47:21]} 18. Qg3
{[%clk 0:21:22]} g4 {[%clk 0:47:23]} 19. Ne1 {[%clk 0:13:55]} Nxd4
{[%clk 0:46:09]} 20. Bxd4 {[%clk 0:11:50]} Qxd2 {[%clk 0:46:03]} 21. Rd1
{[%clk 0:09:00]} Qg5 {[%clk 0:40:16]} 22. f3 {[%clk 0:06:09]} gxf3
{[%clk 0:39:19]} 23. Qxf3 {[%clk 0:05:27]} Rf8 {[%clk 0:36:18]} 24. Nd3
{[%clk 0:03:29]} b5 {[%clk 0:34:15]} 25. Rde1 {[%clk 0:01:28]} Ba6
{[%clk 0:31:15]} 26. Nf4 {[%clk 0:01:09]} Rc8 {[%clk 0:29:50]} 27. Bd3
{[%clk 0:01:05]} Nc5 {[%clk 0:28:20]} 28. Bb1 {[%clk 0:00:57]} b4
{[%clk 0:27:05]} 29. Rf2 {[%clk 0:01:09]} h4 {[%clk 0:27:07]} 30. Qd1
{[%clk 0:00:53]} Bb5 {[%clk 0:24:38]} 31. Be3 {[%clk 0:00:45]} Qg8
{[%clk 0:16:12]} 32. Rc2 {[%clk 0:00:40]} Bc4 {[%clk 0:13:18]} 33. Rc1
{[%clk 0:00:46]} Qg7 {[%clk 0:10:54]} 34. Bd4 {[%clk 0:00:43]} Rg8
{[%clk 0:10:25]} 35. Qf3 {[%clk 0:00:49]} Qg4 {[%clk 0:10:16]} 36. Qf2
{[%clk 0:00:51]} b3 {[%clk 0:09:41]} 37. axb3 {[%clk 0:01:03]} Nxb3
{[%clk 0:09:26]} 38. Rcd1 {[%clk 0:00:57]} Nxd4 {[%clk 0:09:01]} 39. Rxd4
{[%clk 0:01:14]} Bc5 {[%clk 0:08:52]} 40. Nxd5 {[%clk 0:00:43]} Bxd5
{[%clk 0:07:57]} 0-1

[Event "arco2023"]
[Site "?"]
[Date "2023.10.08"]
[Round "2.36"]
[White "HANSEN, Tommy"]
[Black "LEZZERINI, Marco"]
[Result "1-0"]
[BlackElo "2162"]
[WhiteElo "1798"]
[LiveChessVersion "1.4.8"]

1. e4 {[%clk 1:30:52]} e6 {[%clk 1:30:55]} 2. d4 {[%clk 1:31:03]} d5
{[%clk 1:31:21]} 3. Nd2 {[%clk 1:31:05]} c5 {[%clk 1:31:41]} 4. c3
{[%clk 1:30:51]} cxd4 {[%clk 1:31:27]} 5. cxd4 {[%clk 1:31:18]} dxe4
{[%clk 1:31:14]} 6. Nxe4 {[%clk 1:31:34]} Nf6 {[%clk 1:30:31]} 7. Nc3
{[%clk 1:26:29]} Be7 {[%clk 1:28:12]} 8. Nf3 {[%clk 1:26:42]} O-O
{[%clk 1:28:27]} 9. Bd3 {[%clk 1:26:51]} Nc6 {[%clk 1:28:27]} 10. O-O
{[%clk 1:27:06]} Nb4 {[%clk 1:20:04]} 11. Bb1 {[%clk 1:26:58]} b6
{[%clk 1:19:05]} 12. a3 {[%clk 1:24:54]} Nbd5 {[%clk 1:19:27]} 13. Qd3
{[%clk 1:23:53]} Bb7 {[%clk 1:19:00]} 14. Re1 {[%clk 1:18:20]} Rc8
{[%clk 1:17:09]} 15. Bg5 {[%clk 1:15:32]} g6 {[%clk 1:16:20]} 16. Bh6
{[%clk 1:07:18]} Re8 {[%clk 1:16:27]} 17. Ne5 {[%clk 1:07:32]} Bf8
{[%clk 0:47:14]} 18. Bg5 {[%clk 0:54:50]} Qc7 {[%clk 0:46:04]} 19. Nb5
{[%clk 0:48:57]} Qb8 {[%clk 0:41:15]} 20. Ba2 {[%clk 0:48:29]} Bc6
{[%clk 0:32:13]} 21. Nc3 {[%clk 0:42:10]} Qb7 {[%clk 0:18:55]} 22. Bc4
{[%clk 0:37:17]} b5 {[%clk 0:15:27]} 23. Nxb5 {[%clk 0:23:28]} Nh5
{[%clk 0:10:54]} 24. Nxc6 {[%clk 0:14:14]} Qxc6 {[%clk 0:11:23]} 25. Bxd5
{[%clk 0:11:56]} Qxd5 {[%clk 0:11:24]} 26. Be3 {[%clk 0:10:15]} a6
{[%clk 0:05:06]} 27. Nc3 {[%clk 0:10:36]} Qb3 {[%clk 0:05:30]} 28. Re2
{[%clk 0:07:47]} Rc6 {[%clk 0:04:09]} 29. Qc2 {[%clk 0:06:35]} Qb7
{[%clk 0:03:11]} 30. Qe4 {[%clk 0:04:28]} Qc8 {[%clk 0:03:10]} 31. g3
{[%clk 0:03:08]} Re7 {[%clk 0:02:02]} 32. Na4 {[%clk 0:01:42]} Nf6
{[%clk 0:01:20]} 33. Qf3 {[%clk 0:01:44]} Nd5 {[%clk 0:01:45]} 34. Nc5
{[%clk 0:01:38]} Rb6 {[%clk 0:01:22]} 35. Rc1 {[%clk 0:01:30]} Rc7
{[%clk 0:01:06]} 36. b4 {[%clk 0:00:54]} Qa8 {[%clk 0:01:15]} 37. Rec2
{[%clk 0:00:49]} a5 {[%clk 0:01:02]} 38. Bf4 {[%clk 0:01:00]} Rc8
{[%clk 0:01:03]} 39. Nd7 {[%clk 0:01:03]} Rxc2 {[%clk 0:00:47]} 40. Rxc2
{[%clk 0:01:03]} Rc6 {[%clk 0:00:53]} 41. Rxc6 {[%clk 0:00:33]} Qxc6
{[%clk 0:01:12]} 42. Nxf8 {[%clk 0:26:26]} Kxf8 {[%clk 0:27:25]} 43. bxa5
{[%clk 0:24:55]} Qa4 {[%clk 0:25:18]} 44. Bd6+ {[%clk 0:20:54]} Ke8
{[%clk 0:25:24]} 45. Bb4 {[%clk 0:19:46]} Qc6 {[%clk 0:22:27]} 46. Qd3
{[%clk 0:18:26]} h5 {[%clk 0:18:54]} 47. h4 {[%clk 0:17:39]} g5 {[%clk 0:16:10]}
48. hxg5 {[%clk 0:10:31]} Qc1+ {[%clk 0:09:57]} 49. Qf1 {[%clk 0:08:21]} Qc6
{[%clk 0:08:47]} 50. Bc5 {[%clk 0:08:08]} h4 {[%clk 0:06:35]} 51. Qg2
{[%clk 0:06:15]} hxg3 {[%clk 0:04:08]} 52. Qxg3 {[%clk 0:06:05]} Qb5
{[%clk 0:04:07]} 53. g6 {[%clk 0:05:27]} Qb1+ {[%clk 0:04:17]} 54. Kh2
{[%clk 0:05:17]} fxg6 {[%clk 0:04:05]} 55. a6 {[%clk 0:05:27]} 1-0

[Event "arco2023"]
[Site "?"]
[Date "2023.10.08"]
[Round "2.37"]
[White "MOLINA, Fabrizio"]
[Black "PERNIGO, Leonardo"]
[Result "1-0"]
[BlackElo "1805"]
[WhiteElo "2161"]
[LiveChessVersion "1.4.8"]

1. Nf3 {[%clk 1:30:29]} Nf6 {[%clk 1:30:42]} 2. c4 {[%clk 1:30:52]} g6
{[%clk 1:30:50]} 3. b3 {[%clk 1:28:43]} Bg7 {[%clk 1:30:03]} 4. Bb2
{[%clk 1:29:06]} d6 {[%clk 1:29:25]} 5. g3 {[%clk 1:24:04]} O-O {[%clk 1:25:07]}
6. Bg2 {[%clk 1:24:04]} Nc6 {[%clk 1:23:16]} 7. O-O {[%clk 1:24:01]} e5
{[%clk 1:22:09]} 8. d3 {[%clk 1:23:07]} Re8 {[%clk 1:14:47]} 9. a3
{[%clk 1:14:36]} a5 {[%clk 1:10:17]} 10. Ra2 {[%clk 1:07:28]} Bd7
{[%clk 1:05:16]} 11. Nc3 {[%clk 1:07:23]} Qc8 {[%clk 0:56:33]} 12. Nd5
{[%clk 1:06:15]} Ne7 {[%clk 0:53:41]} 13. Nxf6+ {[%clk 0:54:57]} Bxf6
{[%clk 0:53:58]} 14. d4 {[%clk 0:54:59]} e4 {[%clk 0:44:45]} 15. Nd2
{[%clk 0:55:00]} e3 {[%clk 0:44:44]} 16. Ne4 {[%clk 0:54:56]} Bg7
{[%clk 0:37:42]} 17. d5 {[%clk 0:46:11]} Bxb2 {[%clk 0:18:18]} 18. Rxb2
{[%clk 0:46:29]} Bh3 {[%clk 0:15:06]} 19. Nf6+ {[%clk 0:43:11]} Kf8
{[%clk 0:15:23]} 20. Nxe8 {[%clk 0:31:13]} Bxg2 {[%clk 0:12:05]} 21. Kxg2
{[%clk 0:30:02]} Qxe8 {[%clk 0:12:21]} 22. Qd4 {[%clk 0:27:27]} Nf5
{[%clk 0:10:34]} 23. Qh8+ {[%clk 0:27:36]} Ke7 {[%clk 0:10:58]} 24. Qxe8+
{[%clk 0:27:33]} Rxe8 {[%clk 0:11:00]} 25. g4 {[%clk 0:26:32]} Nh6
{[%clk 0:10:14]} 26. h3 {[%clk 0:26:50]} Kf8 {[%clk 0:09:39]} 27. f4
{[%clk 0:26:49]} Ng8 {[%clk 0:08:03]} 28. f5 {[%clk 0:22:57]} Kg7
{[%clk 0:08:14]} 29. Rc2 {[%clk 0:22:42]} b6 {[%clk 0:07:46]} 30. Rc3
{[%clk 0:22:46]} Nf6 {[%clk 0:07:21]} 31. g5 {[%clk 0:22:25]} Nd7
{[%clk 0:07:31]} 32. f6+ {[%clk 0:22:45]} Kg8 {[%clk 0:07:14]} 33. Rf3
{[%clk 0:22:47]} h6 {[%clk 0:07:16]} 34. h4 {[%clk 0:22:58]} h5 {[%clk 0:06:50]}
35. Rfxe3 {[%clk 0:22:47]} Kf8 {[%clk 0:06:15]} 36. Rxe8+ {[%clk 0:22:59]} Kxe8
{[%clk 0:06:40]} 37. Re3+ {[%clk 0:22:04]} Ne5 {[%clk 0:07:05]} 38. Kg3
{[%clk 0:17:31]} Kd7 {[%clk 0:07:23]} 39. Kf4 {[%clk 0:17:30]} a4
{[%clk 0:05:58]} 40. bxa4 {[%clk 0:17:43]} c5 {[%clk 0:04:46]} 41. Rxe5
{[%clk 0:17:38]} 1-0